[Event "Aeroflot Open 2016 B"]
[Site "Moscu RUS"]
[Date "2016.03.04"]
[Round "4.14"]
[White "Tsydypov, Zhamsaran"]
[Black "Vavulin, Maksim"]
[Result "0-1"]
[WhiteElo "2425"]
[BlackElo "2456"]
[PlyCount "76"]
[EventDate "2016.03.01"]
[EventType "swiss"]
[EventRounds "9"]
[EventCountry "RUS"]
[Source "lmi"]
[SourceDate "2016.03.01"]

1. d4 Nf6 2. c4 e6 3. Nf3 c5 4. Nc3 cxd4 5. Nxd4 a6 6. e4 d6 7. Be2 b6 8. Bf3
Ra7 9. Be3 Rc7 10. Qa4+ Nfd7 11. Bh5 Qe7 12. Nf3 Nc6 13. Bg5 Nf6 14. O-O-O h6
15. Bh4 g5 16. e5 dxe5 17. Bg3 Nxh5 18. Bxe5 f6 19. Bxc7 Qxc7 20. Nd4 Bd7 21.
Nxe6 Bxe6 22. Nd5 Qb7 23. Rde1 Kf7 24. Qd1 Ng7 25. Qf3 f5 26. Rxe6 Kxe6 27. Qc3
Kd7 28. b4 Kc8 29. b5 Na5 30. Rd1 axb5 31. cxb5+ Bc5 32. Qf6 Rd8 33. Qxh6 Rxd5
34. Qh8+ Kd7 35. Qxg7+ Be7 36. Re1 Qc7+ 37. Kb1 Rxb5+ 38. Ka1 Qd6 0-1

[Event "Aeroflot Open 2016 B"]
[Site "Moscu RUS"]
[Date "2016.03.04"]
[Round "4.15"]
[White "Kashlinskaya, Alina"]
[Black "Gevorgyan, David Sh"]
[Result "1-0"]
[WhiteElo "2454"]
[BlackElo "2346"]
[PlyCount "39"]
[EventDate "2016.03.01"]
[EventType "swiss"]
[EventRounds "9"]
[EventCountry "RUS"]
[Source "lmi"]
[SourceDate "2016.03.01"]

1. d4 Nf6 2. c4 e6 3. Nc3 d5 4. cxd5 exd5 5. Bg5 c6 6. Qc2 h6 7. Bh4 g6 8. e3
Bf5 9. Qb3 b5 10. Nf3 Nbd7 11. Ne5 Nxe5 12. dxe5 g5 13. exf6 gxh4 14. Rd1 Qxf6
15. Nxd5 cxd5 16. Bxb5+ Ke7 17. Qxd5 Qb6 18. Qe5+ Be6 19. Rd7+ Ke8 20. Rxa7+
1-0

[Event "Aeroflot Open 2016 B"]
[Site "Moscu RUS"]
[Date "2016.03.04"]
[Round "4.16"]
[White "Sychev, Klementy"]
[Black "Girya, Olga"]
[Result "1/2-1/2"]
[WhiteElo "2424"]
[BlackElo "2452"]
[PlyCount "83"]
[EventDate "2016.03.01"]
[EventType "swiss"]
[EventRounds "9"]
[EventCountry "RUS"]
[Source "lmi"]
[SourceDate "2016.03.01"]

1. Nf3 d5 2. g3 c6 3. Bg2 Bg4 4. c4 e6 5. cxd5 Bxf3 6. Bxf3 cxd5 7. O-O Nc6 8.
d4 Nf6 9. e3 Be7 10. Nc3 O-O 11. Bd2 Ne8 12. Qe2 Nd6 13. Rfd1 Qd7 14. Rac1 Rfd8
15. Be1 Bf6 16. Bg2 Rac8 17. b3 Rc7 18. Na4 b6 19. Nb2 Rdc8 20. Nd3 Nf5 21. Kh1
Qe8 22. Qb2 h5 23. Rc2 g6 24. Rdc1 Qd8 25. Nf4 Bg5 26. Ne2 Nd6 27. Kg1 Nf5 28.
Bd2 Nd6 29. Bf1 Ne4 30. Be1 Bh6 31. Bg2 Nd6 32. Bd2 Nf5 33. Kh1 Bg5 34. Ng1 Bf6
35. Nf3 Bg7 36. Kg1 Nd6 37. Be1 Ne4 38. Qb1 Qf6 39. Ne5 Nxe5 40. Rxc7 Nf3+ 41.
Bxf3 Rxc7 42. Bg2 1/2-1/2

[Event "Aeroflot Open 2016 B"]
[Site "Moscu RUS"]
[Date "2016.03.04"]
[Round "4.17"]
[White "Abhishek, Kelkar"]
[Black "Schreiner, Peter"]
[Result "1/2-1/2"]
[WhiteElo "2375"]
[BlackElo "2446"]
[PlyCount "41"]
[EventDate "2016.03.01"]
[EventType "swiss"]
[EventRounds "9"]
[EventCountry "RUS"]
[Source "lmi"]
[SourceDate "2016.03.01"]

1. d4 Nf6 2. c4 g6 3. Nc3 d5 4. cxd5 Nxd5 5. Bd2 Bg7 6. e4 Nxc3 7. Bxc3 O-O 8.
Qd2 c5 9. d5 e6 10. d6 Bxc3 11. bxc3 Bd7 12. h4 Bc6 13. f3 Qf6 14. Nh3 Rd8 15.
Nf2 h5 16. Rd1 Ba4 17. Rb1 b6 18. g4 Nc6 19. gxh5 Rxd6 20. Qe3 Rad8 21. hxg6
1/2-1/2

[Event "Aeroflot Open 2016 B"]
[Site "Moscu RUS"]
[Date "2016.03.04"]
[Round "4.18"]
[White "Babujian, Levon"]
[Black "Iljin, Timofey"]
[Result "1/2-1/2"]
[WhiteElo "2491"]
[BlackElo "2330"]
[PlyCount "118"]
[EventDate "2016.03.01"]
[EventType "swiss"]
[EventRounds "9"]
[EventCountry "RUS"]
[Source "lmi"]
[SourceDate "2016.03.01"]

1. d4 d5 2. c4 e6 3. Nc3 Bb4 4. cxd5 exd5 5. Bf4 Nf6 6. e3 O-O 7. Bd3 c5 8.
Nge2 Nc6 9. a3 cxd4 10. axb4 dxc3 11. bxc3 Bg4 12. O-O Re8 13. Ra2 a5 14. f3
Bd7 15. bxa5 Nxa5 16. g4 b5 17. Ng3 d4 18. exd4 Nd5 19. Bd2 Qb6 20. Qb1 h6 21.
Bh7+ Kh8 22. Be4 Be6 23. Qa1 Qd8 24. Rb1 Nc4 25. Rxa8 Qxa8 26. Qxa8 Rxa8 27.
Be1 Na3 28. Rb2 Ra4 29. Ne2 Ne3 30. Nf4 Bc4 31. d5 b4 32. d6 Bb5 33. Rd2 Bd7
34. cxb4 Nac4 35. Re2 Ra6 36. Bd3 Rxd6 37. Bf2 g5 38. Bxc4 Nxc4 39. Nh5 Nd2 40.
Re3 Bc6 41. Bg3 Re6 42. Kf2 Rxe3 43. Kxe3 Nxf3 44. b5 Ba8 45. Nf6 Kg7 46. Ne4
Kg6 47. Nd6 h5 48. gxh5+ Kxh5 49. b6 Kg4 50. Nxf7 Kh3 51. Bd6 Nxh2 52. Bxh2
Kxh2 53. Nxg5 Kg3 54. Ne6 Kg4 55. Kd4 Kf5 56. Nc7 Bb7 57. Kc5 Ke5 58. Kb5 Kd6
59. Na6 Kd7 1/2-1/2

[Event "Aeroflot Open 2016 B"]
[Site "Moscu RUS"]
[Date "2016.03.04"]
[Round "4.19"]
[White "Ziaziulkina, Nastassia"]
[Black "Kharchenko, Boris"]
[Result "1-0"]
[WhiteElo "2401"]
[BlackElo "2488"]
[PlyCount "157"]
[EventDate "2016.03.01"]
[EventType "swiss"]
[EventRounds "9"]
[EventCountry "RUS"]
[Source "lmi"]
[SourceDate "2016.03.01"]

1. e4 e5 2. Nf3 Nc6 3. Bb5 a6 4. Ba4 Nf6 5. O-O Be7 6. Re1 b5 7. Bb3 d6 8. c3
Na5 9. Bc2 c5 10. h3 O-O 11. d4 Qc7 12. Nbd2 cxd4 13. cxd4 Nc6 14. Nb3 a5 15.
Be3 a4 16. Nbd2 Bd7 17. Rc1 Qb7 18. Bb1 Rfe8 19. Nf1 exd4 20. Nxd4 Ne5 21. Nd2
Bd8 22. Qe2 Rb8 23. Kh1 h6 24. f4 Nc4 25. Nxc4 bxc4 26. Qxc4 Ba5 27. Re2 Nxe4
28. Kh2 d5 29. Qd3 Bd8 30. Rec2 Bb6 31. a3 Nf6 32. Ba2 Re4 33. Rf2 Rbe8 34. Rf3
Qb8 35. Kh1 h5 36. Rd1 h4 37. Qc3 Rc8 38. Qd2 Rce8 39. Qc3 Qa7 40. Bb1 R4e7 41.
Bg1 Ne4 42. Qd3 Qb8 43. Ba2 Ng3+ 44. Kh2 Bc7 45. Be3 Rxe3 46. Rxe3 Nf1+ 47.
Qxf1 Rxe3 48. Bxd5 Qxb2 49. Bxf7+ Kh8 50. Kh1 Bb6 51. Nf3 Bb5 52. Rb1 Bxf1 53.
Rxb2 Re2 54. Rxb6 Bxg2+ 55. Kg1 Bxf3 56. Bg6 Bd5 57. Rb8+ Bg8 58. Bf7 Re3 59.
Bxg8 Rxa3 60. Bd5+ Kh7 61. Be4+ g6 62. Rb7+ Kh6 63. Rb6 Rg3+ 64. Kf2 Kg7 65.
Ra6 a3 66. Bf3 Rxh3 67. Rxa3 Rg3 68. Ra6 Kf7 69. Ra7+ Kf6 70. Bd5 g5 71. Rf7+
Kg6 72. f5+ Kh6 73. Rc7 Rg4 74. Ke3 Rf4 75. Be4 Kh5 76. Rc4 Kg4 77. Rc2 h3 78.
Rf2 h2 79. Rxh2 1-0

[Event "Aeroflot Open 2016 B"]
[Site "Moscu RUS"]
[Date "2016.03.04"]
[Round "4.20"]
[White "Kotanjian, Tigran"]
[Black "Slavin, Alexey"]
[Result "1-0"]
[WhiteElo "2487"]
[BlackElo "2384"]
[PlyCount "87"]
[EventDate "2016.03.01"]
[EventType "swiss"]
[EventRounds "9"]
[EventCountry "RUS"]
[Source "lmi"]
[SourceDate "2016.03.01"]

1. c4 e5 2. g3 Nf6 3. Bg2 d5 4. cxd5 Nxd5 5. Nf3 Nc6 6. O-O Nb6 7. b3 Bc5 8.
Bb2 Qe7 9. Nc3 f5 10. e3 Be6 11. d4 O-O-O 12. Nxe5 Nxe5 13. Qe2 Bd6 14. dxe5
Bxe5 15. Rac1 Bxc3 16. Bxc3 Bd5 17. Qc2 Be4 18. Bxe4 fxe4 19. Bd4 Rd5 20. a4 h5
21. b4 h4 22. a5 Na8 23. a6 Rh6 24. Qc4 Qd7 25. axb7+ Kxb7 26. Ra1 a6 27. Ra5
Rb5 28. Rfa1 hxg3 29. fxg3 g5 30. Rxb5+ Qxb5 31. Qxb5+ axb5 32. Ra5 c6 33. Ra7+
Kb8 34. Rg7 Re6 35. Rxg5 Nc7 36. h4 Na6 37. Bc3 c5 38. h5 cxb4 39. Bxb4 Kc7 40.
Bf8 b4 41. h6 b3 42. Rb5 Rg6 43. h7 Rxg3+ 44. Kh2 1-0

[Event "Aeroflot Open 2016 B"]
[Site "Moscu RUS"]
[Date "2016.03.04"]
[Round "4.21"]
[White "Iljiushenok, Ilia"]
[Black "Pustovoitova, Daria"]
[Result "1-0"]
[WhiteElo "2479"]
[BlackElo "2337"]
[PlyCount "67"]
[EventDate "2016.03.01"]
[EventType "swiss"]
[EventRounds "9"]
[EventCountry "RUS"]
[Source "lmi"]
[SourceDate "2016.03.01"]

1. d4 d5 2. c4 e6 3. Nc3 Bb4 4. e3 Nf6 5. a3 Bxc3+ 6. bxc3 c6 7. Bd3 e5 8. Ne2
e4 9. Bb1 O-O 10. O-O b6 11. f3 Re8 12. Ng3 exf3 13. gxf3 Bh3 14. Re1 Nbd7 15.
e4 dxc4 16. f4 Nf8 17. f5 Bg4 18. Qd2 Nh5 19. Nxh5 Bxh5 20. Qf2 f6 21. Ra2 c5
22. Be3 cxd4 23. cxd4 b5 24. Qh4 Bf7 25. Rg2 Kh8 26. Kh1 c3 27. Reg1 g6 28. e5
Bd5 29. fxg6 Qe7 30. exf6 Qxe3 31. g7+ Kg8 32. f7+ Bxf7 33. gxf8=N+ Kxf8 34.
Qf6 1-0

[Event "Aeroflot Open 2016 B"]
[Site "Moscu RUS"]
[Date "2016.03.04"]
[Round "4.22"]
[White "Badmatsyrenov, Oleg"]
[Black "Gurvich, Vitaly"]
[Result "0-1"]
[WhiteElo "2475"]
[BlackElo "2338"]
[PlyCount "120"]
[EventDate "2016.03.01"]
[EventType "swiss"]
[EventRounds "9"]
[EventCountry "RUS"]
[Source "lmi"]
[SourceDate "2016.03.01"]

1. d4 Nf6 2. Bg5 d5 3. Bxf6 exf6 4. e3 Bd6 5. g3 O-O 6. Bg2 c6 7. Nd2 Re8 8.
Ne2 Nd7 9. O-O f5 10. c4 dxc4 11. Nxc4 Bc7 12. Qc2 Nf6 13. a4 Ne4 14. Nd2 Qe7
15. a5 a6 16. Nc1 Nxd2 17. Qxd2 Be6 18. Nd3 Bc4 19. Rfd1 Bxd3 20. Qxd3 g6 21.
d5 cxd5 22. Qb3 Be5 23. Rxd5 Rad8 24. Rad1 Rxd5 25. Bxd5 Rb8 26. Qb6 Kg7 27.
Bc4 Rc8 28. b3 Rc7 29. Rd5 Bf6 30. Rd1 Be5 31. Bd5 Bf6 32. Bf3 Be5 33. b4 h5
34. h4 Qe6 35. b5 axb5 36. Qxb5 Bxg3 37. Rd2 Be5 38. Bxb7 Rc1+ 39. Kg2 f4 40.
Bf3 fxe3 41. fxe3 Bf6 42. Re2 Ra1 43. Qd5 Qxd5 44. Bxd5 Rxa5 45. e4 Bxh4 46.
Rc2 Ra7 47. Rc8 Re7 48. Kf3 Bf6 49. Bc4 Be5 50. Ke3 Rc7 51. Rxc7 Bxc7 52. Be2
Kh6 53. Bc4 f6 54. Bf7 g5 55. e5 f5 56. e6 Bd6 57. Be8 h4 58. Kd4 g4 59. Bc6
Kg5 60. Ke3 Bc5+ 0-1

[Event "Aeroflot Open 2016 B"]
[Site "Moscu RUS"]
[Date "2016.03.04"]
[Round "4.23"]
[White "Liu, Chang"]
[Black "Melia, Salome"]
[Result "1-0"]
[WhiteElo "2378"]
[BlackElo "2452"]
[PlyCount "101"]
[EventDate "2016.03.01"]
[EventType "swiss"]
[EventRounds "9"]
[EventCountry "RUS"]
[Source "lmi"]
[SourceDate "2016.03.01"]

1. e4 c5 2. Nf3 Nc6 3. d4 cxd4 4. Nxd4 g6 5. Nc3 Bg7 6. Be3 Nf6 7. Bc4 Qa5 8.
O-O O-O 9. Bb3 d6 10. Nd5 Re8 11. Bd2 Qd8 12. Nxf6+ Bxf6 13. Bc3 Na5 14. Ba4
Rf8 15. Qe1 Nc4 16. Bb3 Nb6 17. Kh1 Bd7 18. f4 e5 19. fxe5 Bxe5 20. Nf3 Bxc3
21. Qxc3 Rc8 22. Qb4 Be6 23. Rad1 Bc4 24. Rfe1 Qf6 25. Qa3 Bxb3 26. cxb3 Rc2
27. Qxa7 Nc8 28. Qxb7 Qxb2 29. e5 dxe5 30. Nxe5 Nd6 31. Rxd6 Qxe5 32. Rdd1 Qc3
33. a4 Rb2 34. Rb1 Rd8 35. Rf1 f5 36. Rxb2 Qxb2 37. h3 Qe2 38. Rc1 Qe3 39. Rf1
Rd4 40. a5 Qe2 41. Rg1 Rd1 42. Qc7 Rd3 43. Qc4+ Kg7 44. a6 Qe4 45. Qxe4 fxe4
46. a7 Rd8 47. Ra1 Ra8 48. b4 e3 49. Kg1 e2 50. Kf2 Re8 51. Ke1 1-0

[Event "Aeroflot Open 2016 B"]
[Site "Moscu RUS"]
[Date "2016.03.04"]
[Round "4.24"]
[White "Ulko, Jaroslav"]
[Black "Gomes, Mary Ann"]
[Result "1/2-1/2"]
[WhiteElo "2452"]
[BlackElo "2312"]
[PlyCount "160"]
[EventDate "2016.03.01"]
[EventType "swiss"]
[EventRounds "9"]
[EventCountry "RUS"]
[Source "lmi"]
[SourceDate "2016.03.01"]

1. d4 Nf6 2. Nf3 g6 3. c4 Bg7 4. Nc3 O-O 5. e4 d6 6. Be2 c5 7. O-O cxd4 8. Nxd4
Nc6 9. Be3 Nxd4 10. Bxd4 Bd7 11. Qd2 Bc6 12. f3 Nd7 13. Bxg7 Kxg7 14. Kh1 a5
15. b3 Nc5 16. Rab1 Qb8 17. Rfe1 e5 18. Red1 Rd8 19. Qe3 Ne6 20. Rd2 Qa7 21.
Qxa7 Rxa7 22. Kg1 Nd4 23. Kf2 f5 24. exf5 gxf5 25. Bf1 Kf7 26. Re1 b6 27. f4
Kf6 28. Ne2 Ne6 29. Red1 Rad7 30. g3 d5 31. cxd5 Rxd5 32. Rxd5 Rxd5 33. Rxd5
Bxd5 34. Ke3 Bc6 35. Nc1 exf4+ 36. gxf4 Nc7 37. Nd3 Bb5 38. Bg2 Bxd3 39. Kxd3
Ke6 40. Kc4 h6 41. Bb7 Kd6 42. Bc8 Nd5 43. Kb5 Kc7 44. Bxf5 Nxf4 45. Kc4 Kd6
46. Bg4 Nd5 47. Kd4 Nb4 48. a4 Nc2+ 49. Kd3 Na3 50. Kc3 Kc5 51. Bf5 b5 52. Bd3
bxa4 53. bxa4 Kd5 54. h4 Kc5 55. h5 Kd5 56. Bg6 Kc5 57. Bf7 Nb1+ 58. Kc2 Na3+
59. Kd3 Kb4 60. Ke4 Kxa4 61. Kf5 Kb4 62. Ba2 Nb5 63. Kg6 Nc3 64. Kxh6 Nxa2 65.
Kg5 Nc3 66. h6 a4 67. h7 a3 68. h8=Q a2 69. Qa8 Kb3 70. Kf4 Kb2 71. Qb7+ Kc2
72. Qa6 Kb2 73. Qb6+ Kc2 74. Qa5 Kb2 75. Qb4+ Kc2 76. Qa3 Kb1 77. Qb3+ Kc1 78.
Qxc3+ Kb1 79. Qe1+ Kb2 80. Qd2+ Kb1 1/2-1/2

[Event "Aeroflot Open 2016 B"]
[Site "Moscu RUS"]
[Date "2016.03.04"]
[Round "4.25"]
[White "Tunik, Gennady"]
[Black "Demianjuk, Alexander"]
[Result "1-0"]
[WhiteElo "2426"]
[BlackElo "2336"]
[PlyCount "59"]
[EventDate "2016.03.01"]
[EventType "swiss"]
[EventRounds "9"]
[EventCountry "RUS"]
[Source "lmi"]
[SourceDate "2016.03.01"]

1. d4 Nf6 2. c4 e6 3. Nf3 d5 4. g3 Bb4+ 5. Bd2 Bd6 6. Bg2 c6 7. Qc2 Nbd7 8. O-O
O-O 9. Rd1 Ne4 10. Be1 Qe7 11. Nc3 f5 12. e3 g5 13. Rab1 g4 14. Nd2 a5 15. a3
Nxc3 16. bxc3 b5 17. cxb5 cxb5 18. a4 b4 19. cxb4 Bxb4 20. Nb3 Bxe1 21. Rxe1
Nb6 22. Qc6 Rb8 23. Nc5 Bd7 24. Qc7 Rfc8 25. Qa7 Qd8 26. Na6 Bxa4 27. Nxb8 Rxb8
28. Qxa5 Bc6 29. Rec1 Nc4 30. Qxd8+ 1-0

[Event "Aeroflot Open 2016 B"]
[Site "Moscu RUS"]
[Date "2016.03.04"]
[Round "4.26"]
[White "Sagar, Shah"]
[Black "Mirzoyan, David"]
[Result "1-0"]
[WhiteElo "2425"]
[BlackElo "2241"]
[PlyCount "39"]
[EventDate "2016.03.01"]
[EventType "swiss"]
[EventRounds "9"]
[EventCountry "RUS"]
[Source "lmi"]
[SourceDate "2016.03.01"]

1. d4 Nf6 2. c4 e6 3. Nc3 Bb4 4. e3 c5 5. Bd3 Nc6 6. Nf3 Bxc3+ 7. bxc3 d6 8.
O-O e5 9. Nd2 O-O 10. Rb1 cxd4 11. cxd4 exd4 12. exd4 Nxd4 13. Ne4 Nxe4 14.
Bxe4 Ne6 15. Qh5 h6 16. Bxh6 gxh6 17. Qxh6 Ng5 18. Rb5 f5 19. Bd5+ Rf7 20. Re1
1-0

[Event "Aeroflot Open 2016 B"]
[Site "Moscu RUS"]
[Date "2016.03.04"]
[Round "4.27"]
[White "Wang, Jue"]
[Black "Oganian, Miran"]
[Result "1-0"]
[WhiteElo "2369"]
[BlackElo "2422"]
[PlyCount "79"]
[EventDate "2016.03.01"]
[EventType "swiss"]
[EventRounds "9"]
[EventCountry "RUS"]
[Source "lmi"]
[SourceDate "2016.03.01"]

1. e4 c5 2. Nf3 Nc6 3. Bb5 d6 4. O-O Bd7 5. Re1 Nf6 6. c3 a6 7. Bf1 Bg4 8. d4
cxd4 9. cxd4 e5 10. d5 Nd4 11. Be3 Nxf3+ 12. gxf3 Bd7 13. Nd2 b5 14. a4 Be7 15.
axb5 axb5 16. Qb3 O-O 17. Rec1 Nh5 18. Rxa8 Qxa8 19. Rc7 Qe8 20. Qa3 f5 21. Qa7
Nf6 22. exf5 Bd8 23. Rb7 Bxf5 24. Rxg7+ Kh8 25. Bh6 Nh5 26. Ne4 Bxe4 27. fxe4
Rf6 28. Rxh7+ Kg8 29. Rg7+ Kh8 30. Qd7 Qxd7 31. Rxd7 Bb6 32. Be3 Rg6+ 33. Kh1
Bxe3 34. fxe3 Rh6 35. Bh3 b4 36. Bf5 Ng3+ 37. Kg2 Nxf5 38. exf5 Rh4 39. Rxd6
Rc4 40. Rc6 1-0

[Event "Aeroflot Open 2016 B"]
[Site "Moscu RUS"]
[Date "2016.03.04"]
[Round "4.28"]
[White "Kathmale, Sameer"]
[Black "Savitskiy, Sergey"]
[Result "1/2-1/2"]
[WhiteElo "2216"]
[BlackElo "2407"]
[PlyCount "101"]
[EventDate "2016.03.01"]
[EventType "swiss"]
[EventRounds "9"]
[EventCountry "RUS"]
[Source "lmi"]
[SourceDate "2016.03.01"]

1. e4 c5 2. c3 Nf6 3. e5 Nd5 4. Nf3 Nc6 5. Bc4 Nb6 6. Bb3 d5 7. exd6 Qxd6 8.
O-O Bf5 9. d4 c4 10. Bc2 Bxc2 11. Qxc2 e6 12. b3 Qd5 13. Re1 Rc8 14. Qe4 Qxe4
15. Rxe4 Na5 16. b4 Nc6 17. a4 Nd5 18. b5 Na5 19. Ba3 Be7 20. Ra2 a6 21. g3 Ra8
22. Kg2 Nb3 23. Ree2 axb5 24. axb5 Bf6 25. Ne5 Bxe5 26. dxe5 Kd7 27. Bd6 f5 28.
Ra3 Rxa3 29. Nxa3 Rc8 30. Rc2 g5 31. h3 h5 32. Kf3 g4+ 33. hxg4 hxg4+ 34. Kg2
Ra8 35. Nxc4 Rc8 36. Ne3 Rxc3 37. Ra2 Nxe3+ 38. fxe3 Nc5 39. Ra7 Ne4 40. Rxb7+
Kd8 41. b6 Rb3 42. Be7+ Kc8 43. Rc7+ Kb8 44. Rc6 Rb2+ 45. Kg1 Nxg3 46. Rxe6 Ne4
47. Rf6 Rb1+ 48. Kg2 Rb2+ 49. Kg1 Rb1+ 50. Kg2 Rb2+ 51. Kg1 1/2-1/2

[Event "Aeroflot Open 2016 B"]
[Site "Moscu RUS"]
[Date "2016.03.04"]
[Round "4.29"]
[White "Deviatkin, Andrei"]
[Black "Vaishali, R."]
[Result "0-1"]
[WhiteElo "2528"]
[BlackElo "2337"]
[PlyCount "64"]
[EventDate "2016.03.01"]
[EventType "swiss"]
[EventRounds "9"]
[EventCountry "RUS"]
[Source "lmi"]
[SourceDate "2016.03.01"]

1. d4 Nf6 2. Nf3 e6 3. Bg5 d5 4. e3 Be7 5. Nbd2 h6 6. Bf4 O-O 7. Bd3 c5 8. c3
Nc6 9. Ne5 Qb6 10. Rb1 Bd7 11. Qf3 Rfd8 12. Nxd7 Rxd7 13. g4 Nh7 14. h4 Bd6 15.
Bxd6 Rxd6 16. g5 cxd4 17. cxd4 e5 18. dxe5 Re6 19. Bxh7+ Kxh7 20. Qf5+ Kg8 21.
gxh6 g6 22. Rg1 Nxe5 23. h5 Kh7 24. hxg6+ fxg6 25. Qc2 Rf8 26. Qb3 Qa6 27. Rc1
Nd3+ 28. Kd1 Nxc1 29. Kxc1 Rxf2 30. Rd1 Qb6 31. Qa3 Rxe3 32. b3 Qd4 0-1

[Event "Aeroflot Open 2016 B"]
[Site "Moscu RUS"]
[Date "2016.03.04"]
[Round "4.30"]
[White "Elistratov, Semen"]
[Black "Nikolenko, Oleg"]
[Result "0-1"]
[WhiteElo "2335"]
[BlackElo "2511"]
[PlyCount "78"]
[EventDate "2016.03.01"]
[EventType "swiss"]
[EventRounds "9"]
[EventCountry "RUS"]
[Source "lmi"]
[SourceDate "2016.03.01"]

1. e4 e6 2. d4 d5 3. Nc3 Bb4 4. e5 c5 5. a3 Bxc3+ 6. bxc3 Ne7 7. Qg4 cxd4 8.
Qxg7 Rg8 9. Qxh7 Qc7 10. Ne2 Nbc6 11. f4 dxc3 12. h4 d4 13. h5 Bd7 14. h6 O-O-O
15. Qd3 Be8 16. h7 Rh8 17. Rb1 Ng6 18. Qe4 f5 19. exf6 Nf8 20. Rh6 Qf7 21. g4
Rxh7 22. Rxh7 Nxh7 23. g5 Nxf6 24. gxf6 Qxf6 25. Bg2 Bg6 26. Qf3 d3 27. Be3 d2+
28. Kd1 Qf5 29. Qe4 Qxe4 30. Bxe4 Bxe4 31. Nxc3 Bf3+ 32. Ne2 Nd4 33. Bxd4 Rxd4
34. Ra1 Re4 35. Kxd2 Rxe2+ 36. Kd3 Rg2 37. c3 Bg4 38. Kd4 Bf5 39. Rh1 Kc7 0-1

[Event "Aeroflot Open 2016 B"]
[Site "Moscu RUS"]
[Date "2016.03.04"]
[Round "4.31"]
[White "Petrosyan, Manuel"]
[Black "Bashirli, Nail"]
[Result "1-0"]
[WhiteElo "2484"]
[BlackElo "2332"]
[PlyCount "95"]
[EventDate "2016.03.01"]
[EventType "swiss"]
[EventRounds "9"]
[EventCountry "RUS"]
[Source "lmi"]
[SourceDate "2016.03.01"]

1. Nf3 Nf6 2. c4 b6 3. d4 e6 4. g3 Ba6 5. b3 Bb4+ 6. Bd2 Be7 7. Bg2 c6 8. Bc3
d5 9. Nbd2 O-O 10. Ne5 Nfd7 11. Nd3 Bb7 12. O-O c5 13. cxd5 exd5 14. Nf4 Nf6
15. dxc5 bxc5 16. Rc1 Na6 17. a3 Qd7 18. e4 d4 19. Bb2 Bd6 20. Nd3 Rfe8 21. Re1
Bf8 22. f3 Rac8 23. Nc4 g6 24. Rc2 Ba8 25. Bc1 Qb5 26. Rb2 Nc7 27. a4 Qa6 28.
Bg5 Nd7 29. Bf1 h6 30. Bd2 Qf6 31. Bg2 Nb6 32. Rc2 Ne6 33. f4 Nxc4 34. Rxc4 Bb7
35. Rc1 Ba6 36. e5 Qd8 37. Be4 c4 38. bxc4 Bxc4 39. Qf3 Ba3 40. Rc2 Bxd3 41.
Rxc8 Qxc8 42. Bxd3 Bb2 43. f5 Ng5 44. Bxg5 hxg5 45. fxg6 Re7 46. Qf6 Qc5 47.
Rf1 Qc7 48. Bc4 1-0

[Event "Aeroflot Open 2016 B"]
[Site "Moscu RUS"]
[Date "2016.03.04"]
[Round "4.32"]
[White "Balashov, Yuri S"]
[Black "Ovod, Evgenija"]
[Result "1-0"]
[WhiteElo "2408"]
[BlackElo "2324"]
[PlyCount "157"]
[EventDate "2016.03.01"]
[EventType "swiss"]
[EventRounds "9"]
[EventCountry "RUS"]
[Source "lmi"]
[SourceDate "2016.03.01"]

1. g3 d5 2. Bg2 c6 3. d3 Nf6 4. Nd2 e5 5. e4 Bd6 6. Ngf3 O-O 7. O-O Nbd7 8. b3
a5 9. a3 dxe4 10. dxe4 b5 11. Re1 Ba6 12. Nf1 Qc7 13. Ne3 Rfd8 14. Nh4 Nf8 15.
Qf3 Ne6 16. Nef5 Bf8 17. g4 Ne8 18. Qh3 Rd7 19. Nf3 Rad8 20. Ng5 Nxg5 21. Bxg5
f6 22. Be3 b4 23. Bf1 Bxf1 24. Qxf1 bxa3 25. Bc1 g6 26. Ne3 Rd4 27. Nc4 Bb4 28.
Be3 Rxe4 29. f3 Rxe3 30. Rxe3 Bc5 31. Kh1 Bxe3 32. Nxe3 Nd6 33. Rxa3 Qb6 34.
Qe1 Nb7 35. Ra4 Rd4 36. Nc4 Qd8 37. Kg2 Qd5 38. Ne3 Qc5 39. Rc4 Rxc4 40. Nxc4
a4 41. Qa1 Nd8 42. Qxa4 Ne6 43. Qa5 Nf4+ 44. Kf1 Qd4 45. Qd2 Qa1+ 46. Qe1 Qa2
47. Qd2 Qb1+ 48. Kf2 Qh1 49. Ke3 Nd5+ 50. Ke4 Kf7 51. Ne3 Ne7 52. g5 f5+ 53.
Kxe5 Qxf3 54. Nc4 Qe4+ 55. Kd6 f4 56. Ne5+ Ke8 57. Qa5 Nf5+ 58. Kc7 Kf8 59.
Qc5+ Kg7 60. Qc3 Qd4 61. Qxd4 Nxd4 62. c3 Nxb3 63. Kxc6 Nd2 64. Kd5 f3 65. Ng4
Kf7 66. c4 Ke7 67. c5 Kd7 68. h4 f2 69. Nxf2 Nf3 70. c6+ Kc7 71. Ne4 Nxh4 72.
Nd6 Nf5 73. Ne8+ Kb8 74. c7+ Kb7 75. Ke6 Kc8 76. Nd6+ Kxc7 77. Nxf5 Kd8 78. Nd6
Kc7 79. Ne8+ 1-0

[Event "Aeroflot Open 2016 B"]
[Site "Moscu RUS"]
[Date "2016.03.04"]
[Round "4.33"]
[White "Soumya, Swaminathan"]
[Black "Hojjatova, Aydan"]
[Result "1-0"]
[WhiteElo "2384"]
[BlackElo "2323"]
[PlyCount "83"]
[EventDate "2016.03.01"]
[EventType "swiss"]
[EventRounds "9"]
[EventCountry "RUS"]
[Source "lmi"]
[SourceDate "2016.03.01"]

1. e4 e6 2. d4 d5 3. Nc3 Bb4 4. e5 c5 5. a3 Bxc3+ 6. bxc3 Ne7 7. h4 Qc7 8. Rh3
Bd7 9. Qg4 cxd4 10. Qxg7 Rg8 11. Qxh7 Nbc6 12. f4 O-O-O 13. Qd3 Nf5 14. Ne2 Qa5
15. Bd2 Qa4 16. Kf2 Rg4 17. cxd4 Ncxd4 18. Nxd4 Nxd4 19. Rb1 Nc6 20. Be2 Rgg8
21. h5 f6 22. Qb3 Qxb3 23. Rhxb3 b6 24. exf6 Rdf8 25. a4 Rxf6 26. a5 Nd4 27.
Ba6+ Kd8 28. Rd3 e5 29. axb6 axb6 30. c3 Nf5 31. Rxd5 Kc7 32. Rxe5 Bc6 33. Bf1
Ng3 34. Bc4 Rg7 35. Bd5 Bxd5 36. Rxd5 Ne4+ 37. Kf3 Re6 38. g4 Kc6 39. Rd4 Nf6
40. f5 Re5 41. h6 Rh7 42. Bf4 1-0

[Event "Aeroflot Open 2016 B"]
[Site "Moscu RUS"]
[Date "2016.03.04"]
[Round "4.34"]
[White "Erzhanov, Arman"]
[Black "Charochkina, Daria"]
[Result "1-0"]
[WhiteElo "2305"]
[BlackElo "2381"]
[PlyCount "83"]
[EventDate "2016.03.01"]
[EventType "swiss"]
[EventRounds "9"]
[EventCountry "RUS"]
[Source "lmi"]
[SourceDate "2016.03.01"]

1. e4 c5 2. Nf3 e6 3. g3 b6 4. Bg2 Bb7 5. d3 g6 6. h4 h6 7. O-O Bg7 8. c3 Ne7
9. Re1 O-O 10. d4 f5 11. e5 Nbc6 12. dxc5 bxc5 13. Na3 Nd5 14. Nb5 f4 15. c4
fxg3 16. fxg3 Nde7 17. Nd6 Rb8 18. Bf4 Ba8 19. Qd2 Nf5 20. Nxf5 Rxf5 21. b3 g5
22. hxg5 hxg5 23. Bxg5 Rxg5 24. Qxg5 Qxg5 25. Nxg5 Bxe5 26. Rad1 Bxg3 27. Rf1
Nd4 28. Bxa8 Rxa8 29. Ne4 Bf4 30. Nxc5 Be3+ 31. Kh2 Kg7 32. Rd3 Rh8+ 33. Kg2
Nc2 34. Rxd7+ Kg6 35. Nxe6 Bh6 36. Nf4+ Kg5 37. Nh3+ Kh4 38. Kh2 Ne3 39. Rd4+
Ng4+ 40. Kg2 Be3 41. Re4 Rd8 42. Rh1 1-0

[Event "Aeroflot Open 2016 B"]
[Site "Moscu RUS"]
[Date "2016.03.04"]
[Round "4.35"]
[White "Von Meijenfeldt, Bart"]
[Black "Tologontegin, Semetey"]
[Result "0-1"]
[WhiteElo "2295"]
[BlackElo "2370"]
[PlyCount "84"]
[EventDate "2016.03.01"]
[EventType "swiss"]
[EventRounds "9"]
[EventCountry "RUS"]
[Source "lmi"]
[SourceDate "2016.03.01"]

1. e4 c5 2. Nf3 e6 3. d4 cxd4 4. Nxd4 a6 5. c4 Nf6 6. Nc3 Qc7 7. a3 b6 8. Be3
Bb7 9. f3 d6 10. Be2 Be7 11. O-O O-O 12. Qd2 Nbd7 13. Rfc1 Rfc8 14. b4 Qd8 15.
Ra2 Rab8 16. Qd1 Qe8 17. Rd2 Ne5 18. Na4 Ba8 19. b5 a5 20. Nb3 Nfd7 21. f4 Ng6
22. e5 d5 23. cxd5 Bxd5 24. Rxc8 Qxc8 25. Rxd5 exd5 26. Nd4 Nc5 27. Bg4 Qe8 28.
Nc6 Nxa4 29. Qxa4 Rb7 30. Qb3 Bc5 31. Bxc5 bxc5 32. Qxd5 Rxb5 33. Bd7 Qf8 34.
Qf3 Rb2 35. f5 c4 36. Qe3 Rb3 37. Qd4 Qxa3 38. h3 Qc1+ 39. Kh2 Rd3 40. fxg6
Rxd4 41. gxf7+ Kxf7 42. e6+ Kf6 0-1